000
00495nam a2200181Ia 4500
008
090124s9999 xx 000 0 und d
082
_b
119824
100
_a
चेस जेम्स हॅडले
245
_a
मोहिनी
250
_a
1
260
_c
1978
300
_a
200
600
_a
चेस जेम्स हॅडले
630
_a
मोहिनी
700
_a
चेस जेम्स हॅडले
730
_a
मोहिनी
942
_c
BOOK
999
_c
165910
_d
165910